Automatizované spracovanie funkčnej schémy so zameraním na ZEUMS záverečná práca postgraduálneho štúdia

Na minha lista:
Detalhes bibliográficos
Autor principal: Vágner, Ján
Autor Corporativo: Vysoká škola ekonomická v Bratislave
Outros Autores: Štefánek, Ján
Formato: Livro
Idioma:eslovaco
Publicado em: Bratislava 1987
Tags: Adicionar Tag
Sem tags, seja o primeiro a adicionar uma tag!

MARC

LEADER 00000nam a2200000 4500
001 c027486
005 20230116094955.9
041 0 |a slo 
044 |a SK 
245 1 0 |a Automatizované spracovanie funkčnej schémy so zameraním na ZEUMS  |b záverečná práca postgraduálneho štúdia  |c Ján Vágner ; Ved. práce Ján Štefánek 
264 1 |a Bratislava  |c 1987 
300 |a 45 s. 
100 1 |a Vágner, Ján 
700 1 |a Štefánek, Ján 
710 2 |a Vysoká škola ekonomická v Bratislave